| 000 | 00499pam a2200181 a 4500 | ||
|---|---|---|---|
| 020 | _a0673463281 | ||
| 040 | _cDLC | ||
| 082 | 0 | 0 | _a333 HAR 1992 A018 Co. |
| 100 | 1 | _aTietenberg, Thomas H. | |
| 245 | 1 | 0 | _aEnvironmental and natural resource economics / |
| 250 | _a3rd ed. | ||
| 260 |
_aNew York, NY : _bHarperCollins Publishers, _cc1992. |
||
| 300 |
_axxvi, 678 p. : _bill. ; _c25 cm. |
||
| 650 | 0 | _aEnvironmental policy. | |
| 650 | 0 | _aNatural resources | |
| 650 | 0 | _aRaw materials | |
| 942 | _cEK | ||
| 999 |
_c12011 _d12011 |
||